[Event "SC-2022-0-00414"]
[Site "LSS email"]
[Date "2022.01.27"]
[Round "?"]
[White "Linart, Ludvik"]
[Black "Laduke, Matt"]
[Result "0-1"]
[WhiteElo "1754"]
[BlackElo "1713"]
[PlyCount "54"]
[EventDate "2021.09.14"]
[EventType "tourn (corr)"]
[EventRounds "6"]
[EventCountry "GER"]
[SourceTitle "Corr 2024"]
[Source "ChessBase"]
[SourceDate "2023.10.19"]
[SourceVersion "1"]
[SourceVersionDate "2023.10.19"]
[SourceQuality "1"]

1. d4 Nf6 2. Nf3 d5 3. e3 c5 4. Nc3 e6 5. Be2 Nc6 6. 0-0 Be7 7. b3 0-0 8. Bb2 cxd4 9. Nxd4 e5 10. Nxc6 bxc6 11. Na4 Bd6 12. Rc1 Qe7 13. c4 Rd8 14. cxd5 cxd5 15. Qd2 Be6 16. Ba6 Rab8 17. Rfd1 Rb4 18. Nc3 Rg4 19. g3 h5 20. Be2 Rg6 21. Bf3 h4 22. Bg2 Bg4 23. Re1 Bb4 24. a3 Ne4 25. Qd3 Qf6 26. Bxe4 dxe4 27. Qxe4 Rd2 0-1

[Event "SC-2021-0-00412"]
[Site "LSS email"]
[Date "2021.10.23"]
[Round "?"]
[White "Baltar, Antoni"]
[Black "Linart, Ludvik"]
[Result "1-0"]
[WhiteElo "1765"]
[BlackElo "1786"]
[PlyCount "105"]
[EventDate "2021.07.18"]
[EventType "tourn (corr)"]
[EventRounds "6"]
[EventCountry "GER"]
[SourceTitle "Corr 2024"]
[Source "ChessBase"]
[SourceDate "2023.10.19"]
[SourceVersion "1"]
[SourceVersionDate "2023.10.19"]
[SourceQuality "1"]

1. e4 e5 2. Bc4 Nf6 3. Nf3 Nxe4 4. Nc3 Nxc3 5. dxc3 f6 6. 0-0 d6 7. Nh4 g6 8. f4 Qe7 9. f5 Qg7 10. Bd3 g5 11. Nf3 Bd7 12. b4 h5 13. c4 Na6 14. c3 c6 15. a4 Nc7 16. Qe2 h4 17. Be3 Be7 18. Qf2 h3 19. g3 d5 20. Nxe5 fxe5 21. f6 Qxf6 22. Qxf6 Bxf6 23. Rxf6 0-0-0 24. Bxg5 Rhg8 25. Bd2 Rge8 26. Be3 Rf8 27. Raf1 Rxf6 28. Rxf6 b5 29. cxb5 cxb5 30. axb5 d4 31. Bd2 dxc3 32. Bxc3 Nd5 33. Rf2 Nxc3 34. Rc2 Kb7 35. Rxc3 Bg4 36. Bf1 e4 37. Rc4 Bf3 38. Bxh3 e3 39. Rc1 e2 40. Re1 Kb6 41. Kf2 Rf8 42. Ke3 Kxb5 43. Bc8 Kxb4 44. Ba6 Bg4 45. Bxe2 Bxe2 46. Rxe2 a5 47. h4 a4 48. Rh2 a3 49. h5 Ra8 50. Rh1 a2 51. Ra1 Kb3 52. g4 Rf8 53. h6 1-0

[Event "SC-2021-0-00412"]
[Site "LSS email"]
[Date "2021.10.23"]
[Round "?"]
[White "Linart, Ludvik"]
[Black "Starace, Rodolfo"]
[Result "1-0"]
[WhiteElo "1786"]
[BlackElo "1708"]
[PlyCount "31"]
[EventDate "2021.07.18"]
[EventType "tourn (corr)"]
[EventRounds "6"]
[EventCountry "GER"]
[SourceTitle "Corr 2024"]
[Source "ChessBase"]
[SourceDate "2023.10.19"]
[SourceVersion "1"]
[SourceVersionDate "2023.10.19"]
[SourceQuality "1"]

1. d4 Nf6 2. Nf3 d5 3. e3 c5 4. Be2 Nc6 5. c4 dxc4 6. Bxc4 cxd4 7. exd4 e6 8. Nc3 Be7 9. 0-0 0-0 10. Be3 Bd7 11. Rc1 Qa5 12. a3 Rad8 13. Re1 a6 14. h3 Rfe8 15. Bd3 h6 16. Bf4 1-0

[Event "SC-2021-0-00410"]
[Site "LSS email"]
[Date "2021.09.08"]
[Round "?"]
[White "Linart, Ludvik"]
[Black "De Paz Gonzalez, Yasset"]
[Result "1-0"]
[WhiteElo "1794"]
[BlackElo "1632"]
[PlyCount "61"]
[EventDate "2021.05.21"]
[EventType "tourn (corr)"]
[EventRounds "6"]
[EventCountry "GER"]
[SourceTitle "Corr 2024"]
[Source "ChessBase"]
[SourceDate "2023.10.19"]
[SourceVersion "1"]
[SourceVersionDate "2023.10.19"]
[SourceQuality "1"]

1. d4 Nf6 2. Nf3 d5 3. e3 e6 4. Bd3 a6 5. Nbd2 c5 6. c4 dxc4 7. Nxc4 b5 8. Ncd2 c4 9. Bc2 Qc7 10. 0-0 Bb7 11. Qe2 Nc6 12. Ne4 Nxe4 13. Bxe4 f5 14. Bc2 Nb4 15. Bb1 Bd6 16. a4 0-0 17. axb5 axb5 18. Rxa8 Bxa8 19. e4 fxe4 20. Bxe4 Bxe4 21. Qxe4 Qf7 22. Bd2 Qf5 23. Re1 Qxe4 24. Rxe4 Nd3 25. Rxe6 Rf6 26. Re8+ Rf8 27. Re6 Rd8 28. Kf1 Nxb2 29. Ba5 Ra8 30. Rxd6 Rxa5 31. Ke2 1-0

[Event "SC-2021-0-00410"]
[Site "LSS email"]
[Date "2021.09.04"]
[Round "?"]
[White "Baltar, Antoni"]
[Black "Linart, Ludvik"]
[Result "1-0"]
[WhiteElo "1602"]
[BlackElo "1794"]
[PlyCount "79"]
[EventDate "2021.05.21"]
[EventType "tourn (corr)"]
[EventRounds "6"]
[EventCountry "GER"]
[SourceTitle "Corr 2024"]
[Source "ChessBase"]
[SourceDate "2023.10.19"]
[SourceVersion "1"]
[SourceVersionDate "2023.10.19"]
[SourceQuality "1"]

1. e4 e5 2. f4 exf4 3. Nf3 g5 4. Nc3 g4 5. Ne5 d5 6. Qe2 d4 7. Nd5 Bg7 8. Nd3 Nf6 9. N5xf4 0-0 10. Nf2 Re8 11. d3 Nc6 12. Qd1 Ne5 13. Be2 h5 14. g3 c6 15. h3 gxh3 16. Nxh5 Nxh5 17. Bxh5 c5 18. Nxh3 Bxh3 19. Rxh3 c4 20. Bf4 cxd3 21. cxd3 Rc8 22. Kf1 Qd7 23. Rh2 Qb5 24. Rd2 Rc5 25. a4 Qa6 26. Kg1 Re7 27. Rc1 Rxc1 28. Qxc1 Qxa4 29. Rc2 Qb5 30. Rc5 Qd7 31. Bxe5 Rxe5 32. Rc7 Qh3 33. Bxf7+ Kh8 34. Qf4 Ra5 35. Kf2 Qh2+ 36. Kf3 Qh1+ 37. Ke2 Qh2+ 38. Qf2 Qxf2+ 39. Kxf2 Rb5 40. b3 1-0

[Event "RB-2021-0-00404"]
[Site "LSS email"]
[Date "2021.07.08"]
[Round "?"]
[White "Laudati, Lelio"]
[Black "Linart, Ludvik"]
[Result "1/2-1/2"]
[WhiteElo "1943"]
[BlackElo "1800"]
[PlyCount "65"]
[EventDate "2021.04.03"]
[EventType "tourn (corr)"]
[EventRounds "6"]
[EventCountry "GER"]
[SourceTitle "Corr 2024"]
[Source "ChessBase"]
[SourceDate "2023.10.19"]
[SourceVersion "1"]
[SourceVersionDate "2023.10.19"]
[SourceQuality "1"]

1. c4 e5 2. g3 Ne7 3. Nf3 Nbc6 4. d4 exd4 5. Nxd4 Nxd4 6. Qxd4 Nc6 7. Qd2 Bc5 8. Nc3 d6 9. Bg2 a5 10. 0-0 a4 11. Ne4 Bb4 12. Qc2 0-0 13. a3 Nd4 14. Qd3 Bc5 15. Bg5 f6 16. Be3 Nb3 17. Nxc5 dxc5 18. Qxd8 Rxd8 19. Rad1 Re8 20. Bd5+ Kf8 21. Rd3 g5 22. Bf3 Bf5 23. Bxb7 Bxd3 24. Bxa8 Bxe2 25. Bc6 Re6 26. Bd7 Ra6 27. Re1 Bxc4 28. f4 Nd4 29. Bg4 f5 30. Rc1 fxg4 31. Rxc4 gxf4 32. gxf4 Rb6 33. Bxd4 1/2-1/2

[Event "RB-2021-0-00404"]
[Site "LSS email"]
[Date "2021.07.08"]
[Round "?"]
[White "Vitello, Gabry"]
[Black "Linart, Ludvik"]
[Result "1-0"]
[WhiteElo "1802"]
[BlackElo "1800"]
[PlyCount "89"]
[EventDate "2021.04.03"]
[EventType "tourn (corr)"]
[EventRounds "6"]
[EventCountry "GER"]
[SourceTitle "Corr 2024"]
[Source "ChessBase"]
[SourceDate "2023.10.19"]
[SourceVersion "1"]
[SourceVersionDate "2023.10.19"]
[SourceQuality "1"]

1. d4 d5 2. Nf3 Nc6 3. c4 e6 4. e3 Nf6 5. Nc3 Bd6 6. c5 Be7 7. Rb1 Ne4 8. Bd3 f5 9. Ne2 a6 10. 0-0 b6 11. b4 0-0 12. a3 Bd7 13. Bc2 Rb8 14. Ne1 bxc5 15. bxc5 Rxb1 16. Bxb1 Na5 17. Nd3 Bf6 18. f3 Ng5 19. Ba2 Bb5 20. Nb2 Qd7 21. a4 Bxe2 22. Qxe2 Nc6 23. Nd3 Nf7 24. Bd2 Rb8 25. Rb1 Qc8 26. Rxb8 Qxb8 27. Bc3 Qc8 28. h3 g6 29. g3 Nfd8 30. Bb3 Ne7 31. Bc2 Ndc6 32. f4 Qb7 33. Kg2 Kf7 34. Bd1 Ng8 35. Be1 a5 36. Nc1 Bg7 37. Qb5 Qa8 38. Nb3 Nge7 39. Nxa5 Na7 40. Qa6 Qb8 41. Nb7 Nec6 42. Be2 h6 43. Bb5 Ne7 44. Bd7 c6 45. Nd6+ 1-0

[Event "LSS No Engine Cup 218 Preliminary 0"]
[Site "LSS email"]
[Date "2021.06.07"]
[Round "?"]
[White "Korchut, Adam"]
[Black "Linart, Ludvik"]
[Result "1-0"]
[WhiteElo "1979"]
[BlackElo "1293"]
[PlyCount "35"]
[EventDate "2021.06.07"]
[EventType "tourn (corr)"]
[EventRounds "6"]
[EventCountry "GER"]
[SourceTitle "Corr 2024"]
[Source "ChessBase"]
[SourceDate "2023.10.19"]
[SourceVersion "1"]
[SourceVersionDate "2023.10.19"]
[SourceQuality "1"]

1. e4 d6 2. d4 Nf6 3. Nc3 e6 4. Nf3 Be7 5. Bd3 0-0 6. 0-0 Nbd7 7. Bf4 a6 8. a4 a5 9. Qe2 c6 10. Rfd1 Nh5 11. Be3 g6 12. Bh6 Ng7 13. e5 Qc7 14. exd6 Bxd6 15. Ne4 Be7 16. g3 Re8 17. Bf4 Nf6 18. Nxf6+ 1-0

[Event "LSS No Engine Cup 218 Preliminary 0"]
[Site "LSS email"]
[Date "2021.06.07"]
[Round "?"]
[White "Linart, Ludvik"]
[Black "Van Bommel, Ton"]
[Result "0-1"]
[WhiteElo "1293"]
[BlackElo "2379"]
[PlyCount "22"]
[EventDate "2021.06.07"]
[EventType "tourn (corr)"]
[EventRounds "6"]
[EventCountry "GER"]
[SourceTitle "Corr 2024"]
[Source "ChessBase"]
[SourceDate "2023.10.19"]
[SourceVersion "1"]
[SourceVersionDate "2023.10.19"]
[SourceQuality "1"]

1. d4 Nf6 2. Nf3 e6 3. e3 d5 4. Bd3 c5 5. c4 cxd4 6. Bc2 Bb4+ 7. Bd2 Bxd2+ 8. Nbxd2 dxe3 9. fxe3 Qb6 10. b3 Qxe3+ 11. Qe2 Qxe2+ 0-1

[Event "LSS No Engine Cup 218 Preliminary 0"]
[Site "LSS email"]
[Date "2021.06.07"]
[Round "?"]
[White "Ramponelli, Roberto"]
[Black "Linart, Ludvik"]
[Result "1-0"]
[WhiteElo "1721"]
[BlackElo "1293"]
[PlyCount "29"]
[EventDate "2021.06.07"]
[EventType "tourn (corr)"]
[EventRounds "6"]
[EventCountry "GER"]
[SourceTitle "Corr 2024"]
[Source "ChessBase"]
[SourceDate "2023.10.19"]
[SourceVersion "1"]
[SourceVersionDate "2023.10.19"]
[SourceQuality "1"]

1. e4 d6 2. d4 Nf6 3. Nc3 e6 4. f4 Be7 5. Nf3 0-0 6. Be2 b6 7. e5 Nd5 8. Ne4 Bb7 9. Neg5 Nd7 10. Bd3 h6 11. h4 dxe5 12. Nxe5 Nxe5 13. dxe5 Qd7 14. Qh5 Nb4 15. Be4 1-0

[Event "LSS No Engine Cup 207 Final"]
[Site "LSS email"]
[Date "2021.05.21"]
[Round "?"]
[White "Linart, Ludvik"]
[Black "Hoehne, Micha"]
[Result "0-1"]
[WhiteElo "1293"]
[BlackElo "2074"]
[PlyCount "34"]
[EventDate "2021.05.21"]
[EventType "tourn (corr)"]
[EventRounds "6"]
[EventCountry "GER"]
[SourceTitle "Corr 2024"]
[Source "ChessBase"]
[SourceDate "2023.10.19"]
[SourceVersion "1"]
[SourceVersionDate "2023.10.19"]
[SourceQuality "1"]

1. d4 d5 2. Nf3 Nc6 3. e3 Bf5 4. Bd3 e6 5. 0-0 Nf6 6. Ne5 Nxe5 7. Bxf5 exf5 8. dxe5 Ne4 9. Nd2 Qe7 10. Nf3 0-0-0 11. b3 g5 12. Nd4 Qxe5 13. Bb2 Bd6 14. f4 gxf4 15. exf4 Qg7 16. Rb1 Rhg8 17. Ne6 Qxg2# 0-1

[Event "RB-2020-0-00396"]
[Site "LSS email"]
[Date "2020.11.29"]
[Round "?"]
[White "Kraujunas, Vladas"]
[Black "Linart, Ludvik"]
[Result "1/2-1/2"]
[WhiteElo "1866"]
[BlackElo "1844"]
[PlyCount "137"]
[EventDate "2020.07.03"]
[EventType "tourn (corr)"]
[EventRounds "6"]
[EventCountry "GER"]
[SourceTitle "Corr 2022"]
[Source "ChessBase"]
[SourceDate "2021.10.24"]
[SourceVersion "1"]
[SourceVersionDate "2021.10.24"]
[SourceQuality "1"]

1. e4 d6 2. d4 Nf6 3. Nc3 e6 4. Nf3 Be7 5. Bd3 Nbd7 6. 0-0 e5 7. Re1 0-0 8. h3 c6 9. Be3 Re8 10. a4 h6 11. Bc4 Qc7 12. a5 Nf8 13. d5 Bd7 14. Nd2 Ng6 15. Qf3 Nh4 16. Qe2 Ng6 17. Bb3 Rec8 18. a6 b6 19. Qd3 cxd5 20. Bxd5 Nxd5 21. Nxd5 Qd8 22. Rad1 Bf8 23. Nb1 Ne7 24. Nbc3 Bc6 25. Nb4 Be8 26. b3 Qd7 27. Ncd5 Nxd5 28. Nxd5 Qd8 29. c4 Bc6 30. Qe2 Bxd5 31. Rxd5 Rc7 32. Qg4 Qf6 33. Qf5 Qe6 34. Qg4 g6 35. Qe2 Re8 36. Qd3 Qc8 37. Ra1 Re6 38. Bd2 Kh7 39. g3 f6 40. Bb4 Rf7 41. Qd2 Rd7 42. Ra2 h5 43. Qd1 Rf7 44. Kg2 Kg7 45. Bxd6 Rxd6 46. Rxd6 Bxd6 47. Qxd6 Rd7 48. Qb4 Qc6 49. Re2 Kf7 50. Qc3 Rd4 51. h4 b5 52. c5 b4 53. Qc1 f5 54. Kh2 fxe4 55. Rc2 Rd3 56. Qh6 Rc3 57. Qh7+ Kf6 58. Qh8+ Kf7 59. Rd2 Rd3 60. Qxe5 Qf6 61. Qc7+ Qe7 62. Qb8 Rxd2 63. Qf4+ Ke8 64. Qxd2 Qxc5 65. Kg1 Qb6 66. Qf4 Qd4 67. Kg2 Ke7 68. Qc7+ Kf8 69. Qb8+ 1/2-1/2

[Event "RB-2020-0-00396"]
[Site "LSS email"]
[Date "2020.11.29"]
[Round "?"]
[White "Linart, Ludvik"]
[Black "Malmstrom, Jan"]
[Result "1/2-1/2"]
[WhiteElo "1844"]
[BlackElo "1811"]
[PlyCount "87"]
[EventDate "2020.07.03"]
[EventType "tourn (corr)"]
[EventRounds "6"]
[EventCountry "GER"]
[SourceTitle "Corr 2022"]
[Source "ChessBase"]
[SourceDate "2021.10.24"]
[SourceVersion "1"]
[SourceVersionDate "2021.10.24"]
[SourceQuality "1"]

1. d4 Nf6 2. Nf3 d5 3. e3 g6 4. c4 c6 5. Be2 Bg7 6. 0-0 0-0 7. Nc3 Nbd7 8. a4 e6 9. b3 Re8 10. Bb2 a5 11. Qc2 b6 12. Rad1 Bb7 13. Ne5 Nxe5 14. dxe5 Nd7 15. f4 Rc8 16. e4 d4 17. Rxd4 Qc7 18. Ba3 Nc5 19. Bxc5 bxc5 20. Rd6 Rcd8 21. Rfd1 Bf8 22. Qd2 Be7 23. Rd7 Rxd7 24. Qxd7 Rc8 25. Kf2 Kf8 26. Qxc7 Rxc7 27. g3 Kg7 28. Bd3 h6 29. Ke3 Bc8 30. Rd2 Rb7 31. Bc2 Rd7 32. Rxd7 Bxd7 33. Nd1 h5 34. Nf2 h4 35. g4 g5 36. f5 Bd8 37. f6+ Kg6 38. Kd2 Bc7 39. Nd3 Bc8 40. Bd1 Bb6 41. Be2 Bd7 42. Ke3 Bc8 43. Ne1 Bd7 44. Kf2 1/2-1/2

[Event "LSS No Engine Cup 207 Preliminary 0"]
[Site "LSS email"]
[Date "2020.09.16"]
[Round "?"]
[White "Linart, Ludvik"]
[Black "Ottenweller, Wolfgang"]
[Result "1-0"]
[WhiteElo "1249"]
[BlackElo "1758"]
[PlyCount "45"]
[EventDate "2020.09.16"]
[EventType "tourn (corr)"]
[EventRounds "6"]
[EventCountry "GER"]
[SourceTitle "Corr 2022"]
[Source "ChessBase"]
[SourceDate "2021.10.24"]
[SourceVersion "1"]
[SourceVersionDate "2021.10.24"]
[SourceQuality "1"]

1. d4 Nf6 2. Nf3 d5 3. e3 Bg4 4. Bd3 c5 5. dxc5 e5 6. Bb5+ Nc6 7. c4 Bxc5 8. cxd5 Nxd5 9. Qa4 Bxf3 10. Bxc6+ bxc6 11. Qxc6+ Kf8 12. Qxc5+ Kg8 13. Bd2 Bxg2 14. Rg1 Rc8 15. Qb5 Bf3 16. Rg3 Rb8 17. Qa5 Qf6 18. Qxa7 Rf8 19. Qa4 e4 20. Nc3 Nb6 21. Qb3 Qe6 22. Qxe6 fxe6 23. Nb5 1-0

[Event "RB-2020-0-00395"]
[Site "LSS email"]
[Date "2020.09.10"]
[Round "?"]
[White "Linart, Ludvik"]
[Black "Chapman, Mark"]
[Result "1/2-1/2"]
[WhiteElo "1832"]
[BlackElo "1867"]
[PlyCount "55"]
[EventDate "2020.05.09"]
[EventType "tourn (corr)"]
[EventRounds "6"]
[EventCountry "GER"]
[SourceTitle "Corr 2022"]
[Source "ChessBase"]
[SourceDate "2021.10.24"]
[SourceVersion "1"]
[SourceVersionDate "2021.10.24"]
[SourceQuality "1"]

1. d4 d5 2. Nf3 e6 3. e3 f5 4. Bd3 Nf6 5. 0-0 Bd6 6. Nbd2 Nbd7 7. c4 c6 8. cxd5 cxd5 9. b3 0-0 10. Qe2 Ne4 11. Bb2 Qf6 12. Rfc1 g5 13. h3 h5 14. Bxe4 fxe4 15. Ne5 g4 16. hxg4 Nxe5 17. dxe5 Bxe5 18. Bxe5 Qxe5 19. gxh5 Bd7 20. Nf1 Rf7 21. Ng3 Raf8 22. Rf1 Rxf2 23. Qg4+ Kh8 24. Rxf2 Qxa1+ 25. Rf1 Rxf1+ 26. Nxf1 Qf6 27. Qe2 a6 28. Qe1 1/2-1/2

[Event "RB-2020-0-00395"]
[Site "LSS email"]
[Date "2020.09.10"]
[Round "?"]
[White "Linart, Ludvik"]
[Black "Granara Barreto, Sebastian"]
[Result "1/2-1/2"]
[WhiteElo "1832"]
[BlackElo "1965"]
[PlyCount "69"]
[EventDate "2020.05.09"]
[EventType "tourn (corr)"]
[EventRounds "6"]
[EventCountry "GER"]
[SourceTitle "Corr 2022"]
[Source "ChessBase"]
[SourceDate "2021.10.24"]
[SourceVersion "1"]
[SourceVersionDate "2021.10.24"]
[SourceQuality "1"]

1. d4 Nf6 2. e3 g6 3. Bd3 Bg7 4. Nc3 d5 5. Nf3 0-0 6. 0-0 c5 7. Re1 Nbd7 8. b3 b6 9. e4 cxd4 10. Nxd5 Nxd5 11. exd5 Bb7 12. Bb2 Bxd5 13. Nxd4 Nc5 14. Bf1 Ne6 15. Nxe6 Bxe6 16. Qc1 Bxb2 17. Qxb2 Qc7 18. Rad1 Rfd8 19. c4 Rac8 20. Be2 h5 21. h3 Qf4 22. Bf3 Qg5 23. Bb7 Rb8 24. Qc3 Qf4 25. Bf3 Qg5 26. Kh2 Qc5 27. Kg1 Qg5 28. Kf1 Rbc8 29. Bb7 Rb8 30. Be4 Kh7 31. a4 Qf4 32. Bd5 Bxd5 33. Rxd5 e6 34. g3 Qc7 35. Rdd1 1/2-1/2

[Event "ZI-2020-0-02662"]
[Site "LSS email"]
[Date "2020.09.04"]
[Round "?"]
[White "Linart, Ludvik"]
[Black "Krol, Wladyslaw"]
[Result "1-0"]
[WhiteElo "1828"]
[BlackElo "1780"]
[PlyCount "89"]
[EventDate "2020.08.09"]
[EventType "match (corr)"]
[EventRounds "2"]
[EventCountry "GER"]
[SourceTitle "Corr 2022"]
[Source "ChessBase"]
[SourceDate "2021.10.24"]
[SourceVersion "1"]
[SourceVersionDate "2021.10.24"]
[SourceQuality "1"]

1. d4 d5 2. Nf3 e6 3. Nbd2 Nf6 4. e3 c5 5. c4 Nc6 6. a3 cxd4 7. exd4 Be7 8. Be2 b6 9. 0-0 Bb7 10. b4 dxc4 11. Bxc4 0-0 12. Bb2 Nd5 13. Qc2 Nf4 14. Rfc1 Bf6 15. Ne4 Ne7 16. Nxf6+ gxf6 17. Qb3 Bd5 18. Qe3 Qd6 19. Ne5 Neg6 20. Nxg6 hxg6 21. Bf1 Bb7 22. Bc3 Kg7 23. Qg3 g5 24. h4 Bxg2 25. hxg5 Bxf1 26. gxf6+ Kxf6 27. Qh4+ Kf5 28. Qh7+ Ng6 29. Qh5+ Kf6 30. d5+ Ke7 31. Kxf1 Qxd5 32. Qxd5 exd5 33. b5 Rfc8 34. Re1+ Kd7 35. Re3 Rc5 36. Rf3 f5 37. Rg3 Rg8 38. Rh3 Rxb5 39. Rh7+ Kc6 40. Rxa7 Rc5 41. Bd4 Rc4 42. Rd1 Nf4 43. Rf7 Rg6 44. Rxf5 Re6 45. Rxf4 1-0

[Event "RB-2020-0-00393"]
[Site "LSS email"]
[Date "2020.07.19"]
[Round "?"]
[White "Linart, Ludvik"]
[Black "Kraujunas, Vladas"]
[Result "1/2-1/2"]
[WhiteElo "1823"]
[BlackElo "1895"]
[PlyCount "67"]
[EventDate "2020.03.23"]
[EventType "tourn (corr)"]
[EventRounds "6"]
[EventCountry "GER"]
[SourceTitle "Corr 2022"]
[Source "ChessBase"]
[SourceDate "2021.10.24"]
[SourceVersion "1"]
[SourceVersionDate "2021.10.24"]
[SourceQuality "1"]

1. d4 d5 2. Nf3 e6 3. e3 Nf6 4. Bd3 Be7 5. Nbd2 0-0 6. 0-0 b6 7. e4 dxe4 8. Nxe4 Bb7 9. Qe2 Nbd7 10. Rd1 Nxe4 11. Bxe4 Bxe4 12. Qxe4 Nf6 13. Qe2 Qd5 14. c4 Qe4 15. Kf1 Rad8 16. Bg5 Qf5 17. Bh4 Rfe8 18. Ne5 Rd6 19. g4 Qf4 20. Bg3 Qe4 21. f3 Qb7 22. Rd2 Rdd8 23. Rad1 Bb4 24. Rd3 Bd6 25. b3 b5 26. Kg2 Bxe5 27. dxe5 Rxd3 28. Qxd3 bxc4 29. Qxc4 Nd5 30. Bf2 a5 31. Qa4 Ra8 32. Rd4 g5 33. Rc4 Nf4+ 34. Rxf4 1/2-1/2

[Event "RB-2020-0-00393"]
[Site "LSS email"]
[Date "2020.07.19"]
[Round "?"]
[White "Peterson, Oscar"]
[Black "Linart, Ludvik"]
[Result "0-1"]
[WhiteElo "1886"]
[BlackElo "1823"]
[PlyCount "40"]
[EventDate "2020.03.23"]
[EventType "tourn (corr)"]
[EventRounds "6"]
[EventCountry "GER"]
[SourceTitle "Corr 2022"]
[Source "ChessBase"]
[SourceDate "2021.10.24"]
[SourceVersion "1"]
[SourceVersionDate "2021.10.24"]
[SourceQuality "1"]

1. d4 d5 2. c4 e6 3. Nf3 Nc6 4. Nc3 Bb4 5. Qa4 Bd7 6. Qc2 dxc4 7. a3 Be7 8. e4 Na5 9. Be3 b5 10. Ne5 Nf6 11. Rd1 a6 12. g4 Bc8 13. Bg2 0-0 14. f4 Nd7 15. g5 Bb7 16. Ng4 f6 17. h4 Qe8 18. h5 fxg5 19. fxg5 Qd8 20. h6 g6 0-1

[Event "ZI-2020-0-02644"]
[Site "LSS email"]
[Date "2020.04.28"]
[Round "?"]
[White "Linart, Ludvik"]
[Black "Verschueren, Frederic"]
[Result "1-0"]
[WhiteElo "1768"]
[BlackElo "1800"]
[PlyCount "75"]
[EventDate "2020.02.17"]
[EventType "match (corr)"]
[EventRounds "2"]
[EventCountry "GER"]
[SourceTitle "Corr 2022"]
[Source "ChessBase"]
[SourceDate "2021.10.24"]
[SourceVersion "1"]
[SourceVersionDate "2021.10.24"]
[SourceQuality "1"]

1. d4 Nf6 2. Nf3 d6 3. c4 g6 4. Nc3 Bg7 5. e4 0-0 6. Be2 e5 7. 0-0 Nc6 8. d5 Ne7 9. Ne1 Nd7 10. f3 f5 11. Be3 f4 12. Bf2 g5 13. Nd3 Ng6 14. Rc1 h5 15. c5 a6 16. Na4 Rf7 17. Rc3 Bf8 18. Qb3 g4 19. fxg4 hxg4 20. Bxg4 Nxc5 21. Ndxc5 Bxg4 22. Ne6 Qb8 23. h3 Bxe6 24. dxe6 Re7 25. Rd3 b5 26. Nc3 c5 27. Rd2 c4 28. Qd1 Rxe6 29. Qg4 Kf7 30. Qf5+ Rf6 31. Qh5 Kg7 32. Nd5 Rf7 33. g3 Qb7 34. Be1 Qa7+ 35. Kh1 f3 36. Rdf2 Be7 37. Bd2 Raf8 38. Bh6+ 1-0

[Event "OP-2020-0-04962"]
[Site "LSS email"]
[Date "2020.04.21"]
[Round "?"]
[White "Linart, Ludvik"]
[Black "Puertas, Francisco Javier"]
[Result "1/2-1/2"]
[WhiteElo "1771"]
[BlackElo "1630"]
[PlyCount "97"]
[EventDate "2020.04.20"]
[EventType "tourn (corr)"]
[EventRounds "4"]
[EventCountry "GER"]
[SourceTitle "Corr 2022"]
[Source "ChessBase"]
[SourceDate "2021.10.24"]
[SourceVersion "1"]
[SourceVersionDate "2021.10.24"]
[SourceQuality "1"]

1. d4 d5 2. Nf3 Nf6 3. c4 e6 4. Nbd2 c5 5. cxd5 exd5 6. dxc5 Bxc5 7. Nb3 Bb6 8. Bf4 Nc6 9. e3 0-0 10. Bd3 d4 11. Nfxd4 Nxd4 12. Nxd4 Nd5 13. Bg3 Bxd4 14. exd4 Re8+ 15. Kf1 Nb4 16. Bc4 Be6 17. Bxe6 Rxe6 18. a3 Nd5 19. Kg1 Qb6 20. h3 Qxb2 21. Kh2 Qb5 22. a4 Qd7 23. a5 Rc8 24. Qb3 h6 25. Rhb1 b6 26. axb6 axb6 27. Rb2 Ne7 28. Rd2 Qd5 29. Qxd5 Nxd5 30. Ra7 Rd8 31. Rb7 Kf8 32. Ra2 Re7 33. Raa7 Rxb7 34. Rxb7 g6 35. Bb8 Re8 36. Bd6+ Kg8 37. Rd7 Nf6 38. Rb7 Nd5 39. g4 f6 40. Rd7 Re4 41. Bf8 Rxd4 42. Bxh6 g5 43. Rg7+ Kh8 44. Rb7 Kg8 45. Rg7+ Kh8 46. Rd7 Kg8 47. h4 Rxg4 48. hxg5 fxg5 49. Rxd5 1/2-1/2

[Event "SC-2020-0-00388"]
[Site "LSS email"]
[Date "2020.04.06"]
[Round "?"]
[White "Linart, Ludvik"]
[Black "Henke, Simon"]
[Result "1-0"]
[WhiteElo "1788"]
[BlackElo "1610"]
[PlyCount "85"]
[EventDate "2020.02.05"]
[EventType "tourn (corr)"]
[EventRounds "6"]
[EventCountry "GER"]
[SourceTitle "Corr 2022"]
[Source "ChessBase"]
[SourceDate "2021.10.24"]
[SourceVersion "1"]
[SourceVersionDate "2021.10.24"]
[SourceQuality "1"]

1. d4 d5 2. Nf3 e6 3. Bf4 c5 4. e3 Nc6 5. c3 Nf6 6. Nbd2 Be7 7. Bd3 0-0 8. h3 b6 9. 0-0 Bb7 10. Qc2 Rc8 11. Qd1 Bd6 12. Ne5 Qc7 13. Nxc6 Bxf4 14. Nxa7 Bh2+ 15. Kh1 Ra8 16. Nb5 Qc6 17. Kxh2 c4 18. Bxh7+ Nxh7 19. Na3 Nf6 20. Nc2 g6 21. Qf3 Kg7 22. Kg1 Rh8 23. Qf4 Ne8 24. Rfe1 Qd6 25. Qe5+ f6 26. Qf4 Rh5 27. Nb4 Qxf4 28. exf4 Kf7 29. Re3 Nd6 30. g4 Rh7 31. Kg2 Bc8 32. Re2 Bd7 33. Nc2 Ne4 34. Nf3 Rah8 35. Rh1 Ke7 36. Ne3 Ra8 37. a3 Rf8 38. g5 fxg5 39. Nxg5 Nxg5 40. fxg5 Bc6 41. Ng4 Rf5 42. h4 Be8 43. Ne3 1-0

[Event "SC-2020-0-00388"]
[Site "LSS email"]
[Date "2020.04.06"]
[Round "?"]
[White "Linart, Ludvik"]
[Black "Ruano Casanova, Enrique"]
[Result "0-1"]
[WhiteElo "1788"]
[BlackElo "1683"]
[PlyCount "45"]
[EventDate "2020.02.05"]
[EventType "tourn (corr)"]
[EventRounds "6"]
[EventCountry "GER"]
[SourceTitle "Corr 2022"]
[Source "ChessBase"]
[SourceDate "2021.10.24"]
[SourceVersion "1"]
[SourceVersionDate "2021.10.24"]
[SourceQuality "1"]

1. d4 d5 2. Nf3 Nf6 3. c4 e6 4. Bg5 Be7 5. Bxf6 Bxf6 6. Nc3 dxc4 7. e4 c5 8. Bxc4 cxd4 9. Ne2 Nc6 10. 0-0 0-0 11. Nf4 Na5 12. Be2 e5 13. Nd3 Qe7 14. Rc1 b6 15. Qc2 Bd7 16. Qd2 Nb7 17. Rc7 Qd6 18. Rc2 g6 19. Rfc1 Bg7 20. Rc7 Nc5 21. Nxc5 Qxc7 22. Ne6 Qxc1+ 23. Qxc1 0-1